000 00766nam a22002417a 4500
999 _c34086
_d34086
001 3418
003 CO-MdFUSB
005 20180622073136.0
008 171127t1982 enk||||| |||| 00| 0 eng d
020 _a0-87508-170-3
040 _aCO-MdFUSB
_bspa
_cCO-MdFUSB
_dCO-MdFUSBC
_erda
041 0 _aeng
082 0 4 _aG 226.6 B8863b
100 1 _aBruce, F. F. (Frederick Fyvie) (1910-)
_eautor
245 1 0 _aActs
_b : Bible Study Commentary
_c/ F. F. Bruce
264 4 _aCity Road, Londres :
_bCLC (ver Centros de Literatura Cristiana),
_c©1982
300 _a120 Pag
336 _2rdacontent
_atexto
_btxt
337 _2rdamedia
_asin mediación
_bn
338 _2rdacarrier
_avolumen
_bnc
653 _aBiblia N.T - Hechos de los apóstoles - Comentarios
942 _cBK